=LDR 00000nam 2200000 4500 =001 000377 =005 20250711023211 =035 ##$$a 0010-0725000236 =007 ta =008 250711################a##########0#ind## =020 ##$$a 978-623-472-403-5 =082 ##$$a 398.209 598 =100 #$$a Nilekani, Rohini =245 1#$$a Berisik Sekali ! /$c Rohini Nilekani =250 ##$$a pertama =260 ##$$a Jakarta :$b Badan Pengembangan dan Pembinaan Bahasa,$c 2022 =300 ##$$a 18hlm. : $b ilus. ; $c 22,9cm =650 #4$$a cerita anak indonesia terjemahan =650 #4$$a literasi bahan bacaan =700 #$$a Angie and Upesh =856 ##$$a TBM AS-SYUHADA =084 ##$$a 398.209 598 NIL b =990 ##$$a TBM202400098 =990 ##$$a TBM202400191